Normal view
MARC view
- شواربي، محمد
Entry Personal Name
001 - CONTROL NUMBER
- control field: 41169
003 - CONTROL NUMBER IDENTIFIER
- control field: OSt
005 - DATE AND TIME OF LATEST TRANSACTION
- control field: 20160925110328.0
008 - FIXED-LENGTH DATA ELEMENTS
- fixed length control field: 160925|| aca||aabn | a|a d
040 ## - CATALOGING SOURCE
- Original cataloging agency: OSt
100 1# - HEADING--PERSONAL NAME
- Personal name: شواربي، محمد
400 0# - SEE FROM TRACING--PERSONAL NAME
- Personal name: محمد عبد الحميد الشواربي
400 1# - SEE FROM TRACING--PERSONAL NAME
- Personal name: شواربي، محمد عبد الحميد
670 ## - SOURCE DATA FOUND
- Source citation: الشواربي، عبد الحميد. إدارة المخاطر الائتمانية من وجهتي النظر المصرفية و القانونية، 2002 :
- Information found: ص.ع. (محمد عبد الحميد الشواربي، باحث ائتماني مصرفي، مدير بأحد بنوك الاستثمار)